000 00872nam a22002297a 4500
008 230223s1872 xxk||||| |||| 00| 0 eng d
041 _aeng
050 _a942
245 _aAbbeys, Castles and Ancient Halls of England and Wales:
_btheir legendary lore and popular history
250 _a2nd
260 _aLondon,
_bFrederick Warne & Co,
_c1872
300 _a577p
_bGreen bound with gold embossed lettering
520 _aKilburn Priory; St Paul's; Westminster; The Tower; Pevensey Castle; Tavistock Abbey; The Castle of Odiham; Bodium Castle and many more
650 _aCASTLES
650 _aHISTORIC BUILDINGS
650 _aANCIENT BUILDINGS
651 _aUnited Kingdom
700 _aTimbs, John
700 _aGunn, Alexander
856 _uhttps://archive.org/details/abbeyscastlesa01timb/page/n5/mode/2up
_zAvailable to view on archive.org
942 _n0
999 _c121380
_d121380